Statistics for Tajikistan First Level Subdivisions

Click here to take the quiz!

General Stats

  • This quiz has been taken 57 times
  • The average score is 3 of 5

Answer Stats

Viloyatho% Correct
Dushanbe
100%
Gorno-Badakhshan
52%
Sughd
48%
Districts of Republican Subordination
39%
Khatlon
30%

Score Distribution

Percentile by Number Answered

Percent of People with Each Score

Your Score History

You have not taken this quiz